Most Common Words in Stephen King's 'Carrie' Quiz Stats

 Plays Quiz Updated Oct 23, 2017

Challenge
Share
Tweet
Embed
Score 0/200 Timer 15:00
1 Play Today
Frequency Word % Correct
3351the
95.6%
1471a
95.5%
663I
94%
45car
90.3%
363Carrie
86.2%
440he
85.5%
136an
85.3%
1124she
81.5%
1319to
79.8%
92blood
78.7%
118we
77.8%
2092and
76.1%
500you
75.5%
871it
75.5%
942in
75.3%
96go
74.7%
240be
74.4%
101do
73.9%
1188her
73.4%
173no
73.2%
222is
73.1%
510on
70.2%
268they
68.9%
98school
68.4%
139me
67.3%
1386of
66%
326for
64.7%
179when
64.7%
49can
62.7%
62where
61.5%
52prom
61%
166what
60.5%
231not
59.9%
108so
59.5%
86are
58.7%
82who
58.1%
35mother
57.3%
213there
55.2%
213if
54.9%
1166was
54.6%
109your
54.1%
54girl
54.1%
65how
53%
663that
52.8%
145my
51.6%
399at
51.1%
294as
50.8%
154could
50.6%
268were
49.9%
52will
49.9%
288his
49.5%
60too
49.5%
257up
49.2%
98their
48.7%
192then
48.6%
271from
48.4%
204one
47.7%
175have
47%
334but
46.6%
210them
46.6%
162would
46.2%
132or
45.7%
64yes
45.1%
122him
44.8%
254all
44.3%
69two
44%
187this
43.7%
Frequency Word % Correct
137did
43.3%
288out
41.7%
571had
41.5%
94see
40.9%
273said
40.6%
54night
40%
149down
39%
471with
38.8%
146by
38.4%
56has
38.1%
64high
38%
227like
37.1%
45say
37%
183over
36.6%
100don't
36.3%
46three
35.9%
70it's
34%
80some
33.9%
95went
33.7%
162White
33.1%
93get
32.4%
70good
31.5%
39than
31.1%
41red
30.9%
81off
30.5%
56God
30.1%
205been
30.1%
115time
30%
119just
29.7%
55never
29.4%
41girls
29%
110going
28.7%
73fire
28.6%
112know
28.4%
46gone
28.2%
46any
28.1%
76I'm
28.1%
51come
27.8%
40here
27.7%
55want
27.1%
157into
26.5%
81got
26.4%
40look
26%
49saw
25.9%
100now
25.7%
49take
25.6%
40make
25.5%
43those
25.4%
88more
25%
75think
24.8%
48after
24.7%
113eyes
24.2%
48room
23.6%
64hand
23%
47let
22.8%
95right
22.6%
51black
22.5%
78thought
22.5%
48Mr.
22.3%
50before
22.2%
40thing
21.3%
57door
21.2%
45may
21%
54very
20.8%
42Mrs.
20.8%
79about
20.1%
76came
20%
Frequency Word % Correct
64didn't
19.5%
67head
19.4%
70Miss
19.3%
61light
19.1%
46well
18.7%
54put
18.4%
80even
18.3%
180Momma
18.2%
41left
18.2%
74made
17.8%
53knew
17.6%
67mind
17.6%
68way
17.1%
51which
16.8%
79through
16.6%
77Chris
16.2%
181back
16.1%
66other
16.1%
97only
15.9%
40big
15.7%
101face
15.7%
51old
15.2%
41might
14.8%
47people
14.7%
71first
14.6%
107little
14.1%
84around
14%
40always
13.7%
90something
13.5%
77Sue
12.7%
45away
12.6%
44oh
12.5%
86Tommy
12.4%
74street
12.2%
68again
11.8%
56hands
11.4%
108looked
11.3%
53town
11.3%
39small
11.3%
43long
10.9%
41place
10%
59felt
10%
39feet
9.9%
39someone
9.5%
52floor
9.3%
95Billy
9.1%
84still
8.3%
52fell
8.1%
52that's
7.7%
45Margaret
7.2%
43own
6.2%
50looking
5.8%
66herself
5.6%
55Desjardin
4.8%
40Carrie's
4.5%
39happened
4.5%
43Hargensen
4.2%
45across
3.9%
49almost
3.9%
44started
3.9%
84began
3.4%
69Chamberlain
3.4%
49seemed
3.1%
57suddenly
2.8%
48course
2.7%
41turned
2.5%

You're not logged in!

Compare scores with friends on all Sporcle quizzes.
OR
Log In

You Might Also Like...

Show Comments

Extras

Top Quizzes Today


Score Distribution

Your Account Isn't Verified!

In order to create a playlist on Sporcle, you need to verify the email address you used during registration. Go to your Sporcle Settings to finish the process.

Report this User

Report this user for behavior that violates our Community Guidelines.

Details: